[Event "Rheinhausen-ch"]
[Site "Rheinhausen"]
[Date "2011.02.04"]
[Round "3"]
[White "Hubert, Winfried"]
[Black "Bajonczak, Helmut"]
[Result "1-0"]
[WhiteElo "1721"]
[BlackElo "1198"]
[PlyCount "59"]
[EventDate "2011.01.07"]
[EventType "swiss"]
[EventRounds "7"]
[EventCountry "GER"]
[SourceTitle "EXT 2015"]
[Source "ChessBase"]
[SourceDate "2014.11.20"]
[SourceVersion "1"]
[SourceVersionDate "2014.11.20"]
[SourceQuality "1"]

1. d4 Nf6 2. c4 c5 3. d5 d6 4. Nc3 g6 5. Nf3 Bg7 6. e4 Nbd7 7. Qc2 Ng4 8. Bd2 Nge5 9. Be2 0-0 10. 0-0 Re8 11. Rac1 Nf8 12. Nxe5 Bxe5 13. Be3 b6 14. f4 Bd4 15. Bxd4 cxd4 16. Nb5 e5 17. fxe5 dxe5 18. c5 a6 19. Nd6 Re7 20. b4 Raa7 21. Nc4 bxc5 22. bxc5 Nd7 23. c6 Nb6 24. d6 Re6 25. c7 Rxc7 26. dxc7 Qxc7 27. Qb3 Qa7 28. Nxb6 Rxb6 29. Rxc8+ Kg7 30. Rxf7+ 1-0

[Event "Rheinhausen-ch"]
[Site "Rheinhausen"]
[Date "2011.01.08"]
[Round "1"]
[White "Hubert, Winfried"]
[Black "Moseler, Norbert"]
[Result "1-0"]
[WhiteElo "1721"]
[BlackElo "1396"]
[PlyCount "57"]
[EventDate "2011.01.07"]
[EventType "swiss"]
[EventRounds "7"]
[EventCountry "GER"]
[SourceTitle "EXT 2015"]
[Source "ChessBase"]
[SourceDate "2014.11.20"]
[SourceVersion "1"]
[SourceVersionDate "2014.11.20"]
[SourceQuality "1"]

1. e4 c6 2. d4 d5 3. Nc3 dxe4 4. Nxe4 e6 5. Nf3 Nd7 6. Be2 Be7 7. 0-0 f5 8. Neg5 Bxg5 9. Bxg5 Ngf6 10. Bc4 Nb6 11. Bb3 0-0 12. Re1 Re8 13. Ne5 Nbd7 14. Qf3 Nf8 15. c3 Qd6 16. Qxf5 Qe7 17. Re3 a5 18. Qh3 a4 19. Bc2 g6 20. Qh4 Kg7 21. Rf3 N8d7 22. Nxd7 Qxd7 23. Qh6+ Kg8 24. Bxf6 Rf8 25. Qe3 Ra5 26. Be5 Rxf3 27. Qxf3 c5 28. Qf6 cxd4 29. Qh8+ 1-0

[Event "Duisburg SBDU-ch"]
[Site "Duisburg Rheinhausen"]
[Date "2010.12.17"]
[Round "7"]
[White "Hamm, Siegfried"]
[Black "Hubert, Winfried"]
[Result "1/2-1/2"]
[WhiteElo "1595"]
[BlackElo "1713"]
[PlyCount "29"]
[EventDate "2010.09.17"]
[EventType "swiss"]
[EventRounds "7"]
[EventCountry "GER"]
[SourceTitle "EXT 2018"]
[Source "ChessBase"]
[SourceDate "2017.10.13"]
[SourceVersion "1"]
[SourceVersionDate "2017.10.13"]
[SourceQuality "1"]

1. e4 e5 2. Nf3 Nc6 3. d4 exd4 4. Bc4 Be7 5. 0-0 d6 6. Nxd4 Ne5 7. Bb3 Nf6 8. Nc3 0-0 9. Re1 Bd7 10. Bg5 h6 11. Bxf6 Bxf6 12. Nd5 Nc6 13. Nxc6 Bxc6 14. Nxf6+ Qxf6 15. c3 1/2-1/2

[Event "Duisburg SBDU-ch"]
[Site "Duisburg Rheinhausen"]
[Date "2010.11.12"]
[Round "5"]
[White "Plueckelmann, Thomas"]
[Black "Hubert, Winfried"]
[Result "1/2-1/2"]
[WhiteElo "1681"]
[BlackElo "1713"]
[PlyCount "99"]
[EventDate "2010.09.17"]
[EventType "swiss"]
[EventRounds "7"]
[EventCountry "GER"]
[SourceTitle "EXT 2018"]
[Source "ChessBase"]
[SourceDate "2017.10.13"]
[SourceVersion "1"]
[SourceVersionDate "2017.10.13"]
[SourceQuality "1"]

1. d4 d5 2. c4 c6 3. Nf3 e6 4. e3 Nf6 5. Nc3 Nbd7 6. Qc2 Bb4 7. Bd2 0-0 8. Bd3 dxc4 9. Bxc4 Qe7 10. a3 Bd6 11. 0-0 e5 12. Bd3 h6 13. Ne4 Nxe4 14. Bxe4 Nf6 15. dxe5 Bxe5 16. Bb4 Bd6 17. Bxd6 Qxd6 18. Rfd1 Qe7 19. Bf5 Bxf5 20. Qxf5 Rad8 21. Qe5 Qxe5 22. Nxe5 Rfe8 23. Nc4 b6 24. Kf1 Kf8 25. Ke2 g6 26. Rac1 c5 27. Nd6 Re7 28. Rd3 Red7 29. Rcd1 Ke7 30. Nb5 a6 31. Rxd7+ Rxd7 32. Rxd7+ Kxd7 33. Nc3 b5 34. f3 Kc6 35. e4 a5 36. Kd3 Nd7 37. f4 Nb6 38. b3 b4 39. Nb1 a4 40. axb4 cxb4 41. bxa4 Nxa4 42. Kc4 Nb2+ 43. Kxb4 Nd3+ 44. Kc4 Nxf4 45. g3 Ne6 46. Nd2 Kd6 47. Nf3 Ke7 48. Kd5 Nc7+ 49. Kc6 Ne6 50. Kd5 1/2-1/2

[Event "Duisburg SBDU-ch"]
[Site "Duisburg Rheinhausen"]
[Date "2010.10.15"]
[Round "3"]
[White "Waschkewitz, Stefan"]
[Black "Hubert, Winfried"]
[Result "1/2-1/2"]
[WhiteElo "1721"]
[BlackElo "1713"]
[PlyCount "33"]
[EventDate "2010.09.17"]
[EventType "swiss"]
[EventRounds "7"]
[EventCountry "GER"]
[SourceTitle "EXT 2018"]
[Source "ChessBase"]
[SourceDate "2017.10.13"]
[SourceVersion "1"]
[SourceVersionDate "2017.10.13"]
[SourceQuality "1"]

1. Nc3 Nf6 2. Nf3 d5 3. d4 e6 4. Bf4 Bd6 5. Bg5 Be7 6. e3 0-0 7. Bd3 Nbd7 8. Ne2 a6 9. c3 c5 10. Ng3 cxd4 11. cxd4 Bb4+ 12. Nd2 Qa5 13. e4 dxe4 14. Bxf6 Nxf6 15. Ngxe4 Nxe4 16. Bxe4 Rb8 17. a3 1/2-1/2

[Event "Duisburg SBDU-ch"]
[Site "Duisburg Rheinhausen"]
[Date "2010.09.17"]
[Round "1"]
[White "Imbierowicz, Dirk"]
[Black "Hubert, Winfried"]
[Result "0-1"]
[WhiteElo "1447"]
[BlackElo "1713"]
[PlyCount "44"]
[EventDate "2010.09.17"]
[EventType "swiss"]
[EventRounds "7"]
[EventCountry "GER"]
[SourceTitle "EXT 2018"]
[Source "ChessBase"]
[SourceDate "2017.10.13"]
[SourceVersion "1"]
[SourceVersionDate "2017.10.13"]
[SourceQuality "1"]

1. e4 e6 2. d4 d5 3. e5 c5 4. Nf3 Nc6 5. Bb5 Bd7 6. c3 Nxe5 7. Nxe5 Bxb5 8. Qb3 Bc6 9. Nxc6 bxc6 10. Bf4 Nf6 11. 0-0 c4 12. Qb7 Qc8 13. Qxc8+ Rxc8 14. b3 c5 15. bxc4 cxd4 16. cxd5 Nxd5 17. Be5 dxc3 18. Rc1 c2 19. Nd2 f6 20. Bb2 Nf4 21. Kh1 Nd3 22. Rf1 Nxb2 0-1

[Event "Rheinhausen-ch 14th"]
[Site "Duisburg Rheinhausen"]
[Date "2010.02.26"]
[Round "5"]
[White "Buhren, Wolfgang"]
[Black "Hubert, Winfried"]
[Result "0-1"]
[WhiteElo "1368"]
[BlackElo "1722"]
[PlyCount "136"]
[EventDate "2010.01.08"]
[EventType "swiss"]
[EventRounds "7"]
[EventCountry "GER"]
[SourceTitle "EXT 2018"]
[Source "ChessBase"]
[SourceDate "2017.10.13"]
[SourceVersion "1"]
[SourceVersionDate "2017.10.13"]
[SourceQuality "1"]

1. d4 d5 2. Nc3 e6 3. Nf3 Nf6 4. Bg5 Be7 5. Bxf6 Bxf6 6. e4 dxe4 7. Nxe4 0-0 8. c3 b6 9. Qd3 Bb7 10. 0-0-0 Nd7 11. h4 h6 12. g4 g6 13. Qe3 Bg7 14. g5 h5 15. Bc4 Qe7 16. Rhe1 Rfe8 17. Kb1 Rad8 18. Nfd2 a6 19. Qg3 b5 20. Bd3 Rc8 21. f4 b4 22. Nb3 bxc3 23. Nxc3 Qd6 24. Be4 Bxe4+ 25. Nxe4 Qb6 26. Qf2 Rb8 27. Re2 a5 28. Nbc5 Nxc5 29. dxc5 Qc6 30. Qg2 Qb5 31. Rc2 Red8 32. Rdc1 Qd3 33. Nf6+ Kf8 34. Ka1 Bxf6 35. gxf6 Qf5 36. Qg5 Qxg5 37. fxg5 Rd5 38. Rc4 Ke8 39. a3 c6 40. Ka2 Rd2 41. R1c2 Rd5 42. Ra4 Rb5 43. Rac4 Kd7 44. b4 axb4 45. axb4 e5 46. Kb3 Ke6 47. Ra2 Rd7 48. Kc3 Rdb7 49. Ra6 Kd5 50. Ra2 Rd7 51. Ra5 Rxa5 52. bxa5 Ra7 53. Kb4 Rb7+ 54. Kc3 Ra7 55. Kb4 Rxa5 56. Kxa5 Kxc4 57. Kb6 Kd5 58. Kc7 e4 59. Kd7 e3 60. Ke7 e2 61. Kxf7 e1Q 62. Kg7 Qe4 63. f7 Qe7 64. Kg8 Qxc5 65. f8Q Qxf8+ 66. Kxf8 Ke6 67. Kg7 Kf5 68. Kf7 c5 0-1

[Event "Rheinhausen-ch 14th"]
[Site "Duisburg Rheinhausen"]
[Date "2010.02.05"]
[Round "3"]
[White "Glende, Siegfried"]
[Black "Hubert, Winfried"]
[Result "1/2-1/2"]
[WhiteElo "1600"]
[BlackElo "1722"]
[PlyCount "194"]
[EventDate "2010.01.08"]
[EventType "swiss"]
[EventRounds "7"]
[EventCountry "GER"]
[SourceTitle "EXT 2018"]
[Source "ChessBase"]
[SourceDate "2017.10.13"]
[SourceVersion "1"]
[SourceVersionDate "2017.10.13"]
[SourceQuality "1"]

1. c4 e5 2. Nc3 Nf6 3. g3 d5 4. cxd5 Nxd5 5. Bg2 c6 6. d3 Bb4 7. Bd2 0-0 8. a3 Nxc3 9. bxc3 Bc5 10. Qc2 Qe7 11. Bc1 Nd7 12. Nf3 h6 13. 0-0 Nf6 14. Nd2 Bg4 15. Ne4 Nxe4 16. Bxe4 Bh3 17. Bg2 Be6 18. e3 f5 19. d4 Bb6 20. dxe5 Bc4 21. Re1 Qxe5 22. Bb2 Rad8 23. a4 Qe6 24. Ba3 Rf7 25. Bb4 Rfd7 26. a5 Bc7 27. Bc5 b6 28. axb6 axb6 29. Ba3 Rd2 30. Qa4 b5 31. Qa6 Bd5 32. Bxd5 Qxd5 33. Qa7 Qf3 34. Rf1 Be5 35. Qe7 Bxc3 36. Rac1 Bf6 37. Qe6+ Kh7 38. Qxc6 Qxc6 39. Rxc6 Ra8 40. Bb4 Rb2 41. Bd6 Raa2 42. Rb6 Bg5 43. Bc5 Bf6 44. h3 h5 45. Kg2 Ra4 46. h4 b4 47. Rd1 Raa2 48. Rf1 b3 49. Rb5 Rc2 50. Bd6 b2 51. Rxf5 Rc1 52. Rxh5+ Kg6 53. Rb5 Rxf1 54. Kxf1 Ra1+ 55. Kg2 b1Q 56. Rxb1 Rxb1 57. Kf3 Rb3 58. g4 Rb5 59. h5+ Kf7 60. Bf4 Be7 61. Kg2 Ke6 62. Kf3 Bf6 63. Bg3 Rb3 64. Bf4 Kd5 65. Bg3 Be5 66. Bh4 Rb2 67. Bg5 Rb3 68. Bh4 Rb8 69. Kg2 Rb2 70. Bg5 Ke4 71. Bh4 Bc3 72. Bg3 Ra2 73. Bh4 Bd2 74. Bg5 Kd3 75. Kf3 Ra7 76. Bf4 Rf7 77. g5 Bc3 78. g6 Re7 79. Kg4 Ke4 80. f3+ Kd5 81. e4+ Ke6 82. Bg5 Bf6 83. f4 Bxg5 84. Kxg5 Rd7 85. h6 gxh6+ 86. Kxh6 Rd1 87. Kg7 Rf1 88. f5+ Ke7 89. Kg8 Kf6 90. Kf8 Ra1 91. Kg8 Ra8+ 92. Kh7 Ra7+ 93. Kh6 Ra8 94. Kh7 Ra7+ 95. Kh6 Ra8 96. g7 Rg8 97. e5+ Kxf5 1/2-1/2

[Event "Rheinhausen-ch 14th"]
[Site "Duisburg Rheinhausen"]
[Date "2010.01.08"]
[Round "1"]
[White "Gahrens, Juergen"]
[Black "Hubert, Winfried"]
[Result "0-1"]
[WhiteElo "1306"]
[BlackElo "1722"]
[PlyCount "126"]
[EventDate "2010.01.08"]
[EventType "swiss"]
[EventRounds "7"]
[EventCountry "GER"]
[SourceTitle "EXT 2018"]
[Source "ChessBase"]
[SourceDate "2017.10.13"]
[SourceVersion "1"]
[SourceVersionDate "2017.10.13"]
[SourceQuality "1"]

1. d4 d5 2. Nf3 Nf6 3. e3 e6 4. Bd3 Bd6 5. 0-0 0-0 6. Nbd2 c5 7. c3 Nc6 8. Re1 e5 9. dxe5 Nxe5 10. Nxe5 Bxe5 11. Nf3 Bc7 12. Qc2 Bg4 13. Ng5 h6 14. Nh7 Nxh7 15. Bxh7+ Kh8 16. Bd3 Qd6 17. f4 Rae8 18. Qf2 Bd7 19. Qh4 Bd8 20. Qh5 f5 21. Bd2 c4 22. Bc2 Bb6 23. Kh1 Qf6 24. Qf3 Bc6 25. Qf1 Re7 26. Re2 Rfe8 27. a4 Bxe3 28. Bxe3 Rxe3 29. Rxe3 Rxe3 30. h3 d4 31. Qxc4 Rxh3+ 32. Kg1 Rg3 33. Bb3 Rxg2+ 34. Kf1 Qf8 35. Rd1 Rg4 36. Rxd4 Be4 37. Qc7 Qf6 38. Qc8+ Kh7 39. Qg8+ Kg6 40. Bf7+ Qxf7 41. Rd6+ Qf6 42. Rxf6+ Kxf6 43. Qd8+ Kg6 44. Qd2 Rg2 45. Qc1 Rc2 46. Qa1 Rh2 47. Qa3 Kh5 48. c4 Rc2 49. Qh3+ Kg6 50. Qa3 Rg2 51. b4 Rc2 52. c5 a6 53. Kg1 Kf7 54. Qb3+ Kf6 55. Qa3 g5 56. Qa1+ Kg6 57. fxg5 hxg5 58. Qh8 g4 59. Qe8+ Kg5 60. Qe5 Kh4 61. b5 Kh3 62. c6 g3 63. c7 Rc1# 0-1